000
00257nam a2200109Ia 4500
008
231212s1998 xx 000 0 und d
041
_a
eng
082
_a
623.380422
100
_a
Choudhary M.A.
245
_a
Electrical Engg.
260
_a
Pune
_b
Laxmi P
_c
1998
999
_c
965680
_d
965680